000 00694nam a2200229 a 4500
999 _c10578
_d10578
001 10578
003 BD-JhCC
005 20180723122948.0
008 180723s19862017bg a|||| |||| 000 0 ben d
020 _a9844600243
035 _a(BD-JhCC)10578
040 _aBD-JhCC
_dBD-JhCC
041 _aben
082 _a891.4435
_bUDD 2017
100 _aউদ্দীন, জসীম
245 _aআসমানীর কবিভাই /
_cজসীম উদ্দীন
260 _aঢাকা :
_bপলাশ,
_c২০১৭
300 _a১১১ পৃ. :
_c২১ সেমি.
650 _aবাংলা ছোটগল্প
650 _aBengali Short story
942 _2ddc
_cBK